Datum a čas kvízu
38.5
Celkem bodů
Celkový počet nahraných bodů na tomto kvízu bez doplňovacích otázek.
2.
Pořadí na kvízu
Konečné umístění týmu na tomto kvízu.
Zaznamenané odpovědi
| # | Otázka | Odpověď | Body | Výsledky |
|---|---|---|---|---|
| 1. | Při úterním zasedání Sněmovny... | bojový letoun (F-35) | 1 | |
| 2. | Záchranáři v úterý ráno pomocí... | Rakousko, Grossglockner | 1 | |
| 3. | Angličan Paul Gibbons tvrdí, ž... | tank | 0 | |
| 4. | V sobotu začal čínský nový rok... | znamení Draka | 0 | |
| 5. | Jako soupeři české reprezentac... | Gruzie | 1 | |
| 6. | Vítězné téma facebookového hla... | 1A 2D 3C 4B | 1 | |
| 7. | Dne 4. ledna 1997 došlo ke sňa... | Havel, Veškrnová | 1 | |
| 8. | Devadesátkovou klasikou je fil... | Fuck Off Guys Good Day | 0 | |
| 9. | Kolik tlačítek má na své předn... | tři | 1 | |
| 10. | Ke kterému městu se v souvislo... | Vsetín | 1 |